000 01341cam a2200133 4500500
005 20260329034153.0
041 _afre
042 _adc
100 1 0 _aDerruau, Max
_eauthor
245 0 0 _aLes formes du relief terrestre : Notions de géomorphologie
260 _bArmand Colin,
_c2010.
520 _aScience évolutive, la géomorphologie a connu de nombreuses orientations et des approches diverses que l'auteur a souhaité exposer et discuter. Quatre grandes parties articulent l'ouvrage : l'érosion, la géographie structurale, la géomorphologie climatique et la géomorphologie littorale. Les formes du relief terrestre présente dans un style simple, dense, mais accessible, les données de base de la géomorphologie. Outil de travail essentiel, l'ouvrage s'adresse tout particulièrement aux étudiants de premier cycle de géographie et peut aussi accompagner les études de géologie, d'écologie et d'histoire. Ses éditions successives remettent chaque fois à jour les connaissances essentielles, en se défiant des modes éphémères et en se fondant sur les acquis les plus solides. Plus de 110 figures illustrent le propos et un index de plus de 500 termes facilite la consultation de l'ouvrage.
856 4 1 _uhttps://shs.cairn.info/les-formes-du-relief-terrestre--9782200244286?lang=fr&redirect-ssocas=7080
999 _c1961414
_d1961414